Sports Quiz

Random Sports or Football Quiz

Тренеры-победители ЛЧ Quiz Stats

 Plays Quiz not verified by Sporcle

Score 0/27 Timer 05:00
1 Play Today
Год Тренер % Correct
2016Зинедин Зидан
96.9%
2017Зинедин Зидан
96.9%
2018Зинедин Зидан
96.9%
2019Юрген Клопп
95.7%
2004Жозе Моуринью
95.3%
2010Жозе Моуринью
95.3%
2009Хосеп Гвардиола
95.1%
2011Хосеп Гвардиола
95.1%
1999Алекс Фергюсон
91.1%
2008Алекс Фергюсон
91.1%
2003Карло Анчелотти
87.8%
2007Карло Анчелотти
87.8%
2014Карло Анчелотти
87.8%
2005Рафаэль Бенитес
79.3%
Год Тренер % Correct
2015Луис Энрике
72.6%
1998Юпп Хайнкес
72.3%
2013Юпп Хайнкес
72.3%
2012Роберто Ди Маттео
72.1%
2006Франк Райкард
62.4%
1994Фабио Капелло
56.9%
2000Висенте Дель Боске
56.7%
2002Висенте Дель Боске
56.7%
1995Луи ван Гал
55.8%
1996Марчелло Липпи
52.9%
1997Оттмар Хитцфельд
42.4%
2001Оттмар Хитцфельд
41%
1993Раймон Гуталс
15.6%

You're not logged in!

Compare scores with friends on all Sporcle quizzes.
OR
Log In

Show Comments

Extras

Top Quizzes Today


Score Distribution

Your Account Isn't Verified!

In order to create a playlist on Sporcle, you need to verify the email address you used during registration. Go to your Sporcle Settings to finish the process.

Report this User

Report this user for behavior that violates our Community Guidelines.

Details: